| 000 | 01539naa a22003617a 4500 | ||
|---|---|---|---|
| 001 | BR8501028 | ||
| 003 | BR-BrBNA | ||
| 005 | 20240918175537.0 | ||
| 007 | ta | ||
| 008 | 230509b bl.||||| |||| 00| 0 por d | ||
| 040 |
_aBR-BrBNA _bpor _cBiblioteca Nacional de Agricultura |
||
| 041 | _a(Pt) | ||
| 072 |
_aF60 _b0716 _b3530 _b3650 |
||
| 090 | _aF60 BR8501028 | ||
| 100 | 1 | _aFachinello, J.C. | |
| 100 | 1 | _aKersten, E. | |
| 100 | 1 | _aSilveira Junior, P. | |
| 111 | 1 |
_a7. Congresso Brasileiro de Fruticultura _cFlorianopolis, SC (Brazil) _d26-30 Sep 1983 |
|
| 245 | 1 | _aEfeito do acido indolbutirico na percentagem de estacas lenhosas enraizadas e na obtencao de mudas de pessegueiro (Prunus persica (L.)Batsch)[estimulante de crescimento] | |
| 246 | 1 | _aEffect of indolebutyric acid on the percentage of rooted wood cuttings and on the obtaining of peach (Prunus persica (L.)Batsch)seedlings [growth promotor] | |
| 246 | 1 | _a[Proceedings of the 7. Brazilian Congress on Fruit Crops] | |
| 260 | 3 |
_aFlorianopolis, SC (Brasil): _c1984. |
|
| 500 | _aAnais do 7. Congresso Brasileiro de Fruticultura Florianopolis, SC (Brasil): 1984. v. 4 p. 1088-1096 (BR8501028-AM)F60 | ||
| 650 | _aPESSEGO | ||
| 650 | _aVARIEDADE | ||
| 650 | _aESTACA | ||
| 650 | _aACIDO INDOLBUTIRICO | ||
| 650 | _aENRAIZAMENTO DE ESTACA | ||
| 650 | _aMUDA | ||
| 773 | 0 |
_tAnais do 7. Congresso Brasileiro de Fruticultura _wF60 BR8501028 _gFlorianopolis, SC (Brasil), 1984. v. 4 p. 1088-1096 |
|
| 909 |
_a202404 _bLucia _c55 _dLucia Elande |
||
| 942 |
_cAM _2AGRIS |
||
| 999 |
_c317193 _d317193 |
||